000 00372 a2200157 4500
001 55692
020 _a
040 _cAnchieta - Pituba
100 _aCésar e Rodrigo
240 1 0 _a2ª Avaliação de Inglês, II Unidade
_lpor
245 1 0 _a2ª Avaliação de Inglês, II Unidade
300 _a7
362 0 _a2017
650 4 _aInglês e inglês antigo
942 _cBK
999 _c55692
_d55692